Countries that contain their beginning letter - Statistics

General Stats
  • This quiz has been taken 1,232 times
  • The average score is 24 of 37
Answer Stats
Hint Answer % Correct
A Australia
89%
A Albania
87%
A Armenia
86%
A Austria
85%
A Afghanistan
83%
A Algeria
82%
A Azerbaijan
82%
I India
81%
A Andorra
80%
A Argentina
80%
U Uruguay
80%
A Angola
79%
I Indonesia
79%
A Antigua and Barbuda
75%
E Eritrea
72%
K Kazakhstan
70%
T Turkmenistan
68%
B Barbados
64%
T Tajikistan
62%
P Papua New Guinea
61%
P Philippines
59%
S St Kitts and Nevis
59%
T Trinidad and Tobago
58%
S South Sudan
57%
C Czech Republic
55%
S St Vincent and the Grenadines
55%
S Seychelles
54%
N New Zealand
53%
G Georgia
52%
E Equatorial Guinea
51%
N Netherlands
51%
C Costa Rica
50%
M Myanmar
48%
C Central African Republic
47%
M Mozambique
47%
S Solomon Islands
45%
T Timor-Leste
19%
No matching quizzes found
Score Distribution
Percent of People with Each Score
Percentile by Number Answered
Your Score History
You have not taken this quiz